000 00941 a2200217 4500
020 _a0566074184
020 _a9780566074189
082 0 4 _a823
090 _c4004
_d4004
100 1 _aGoldratt, Eliyahu.
245 1 4 _aThe goal /
_cEliyahu Goldratt.
250 _a2nd ed.
260 _a[S.l.] :
_bGower Pub Co,
_c1996.
300 _a352 p. ;
_c23 cm.
500 _aPaperback.
520 _aThis second edition of the thriller-style story of Alex Rogo's fight to save his plant has an extra 10 chapters which bring the story forward to describe Alex's transition from Plant Manager to Divisional Manager. It incorporates the business principles of the author's Theory of Constraints (TOC).
700 1 _aCox, Jeff.
856 4 0 _3Amazon.com
_uhttp://www.amazon.com/exec/obidos/ASIN/0566074184/chopaconline-20
856 4 0 _3Amazon customer reviews
_uhttp://www.chopac.org/cgi-bin/tools/azrev.pl?q=0566074184
942 _aNBS
_cBK
_k823 GOL
999 _c346463
_d346463